La Promoción social y su significado académico /
Na minha lista:
| Autor principal: | |
|---|---|
| Formato: | Texto |
| Assuntos: | |
| Tags: |
Adicionar Tag
Sem tags, seja o primeiro a adicionar uma tag!
|
MARC
| LEADER | 00000 a a2200000 04500 | ||
|---|---|---|---|
| 001 | 87 | ||
| 003 | |||
| 040 | |||
| 100 | |a Jiménez Acuña, Agustín | ||
| 245 | |a La Promoción social y su significado académico / |c Agustín Jiménez Acuña | ||
| 650 | |a DESARROLLO SOCIAL | ||
| 650 | |a TEORIA | ||
| 650 | |a METODOLOGIA | ||
| 650 | |a POBREZA | ||
| 650 | |a REFORMA AGRARIA | ||
| 650 | |a ORGANIZACIONES NO GUBERNAMENTALES | ||
| 650 | |a ORGANIZACIONES POPULARES | ||
| 650 | |a PLANIFICACION ECONOMICA | ||
| 650 | |a PLANIFICACION SOCIAL | ||
| 773 | |g número 30; páginas 101-108 | ||
| 999 | |c 28392 |d 28392 | ||
| 773 | 0 | |0 18806 |9 2160 |a Universidad Nacional de Costa Rica |d Heredia: C.R.: EUNA |o SIABUC-FICHA 86 |t ABRA |x 14093928 | |
